00913nam a22002291a 45000010005000000030008000050050017000130080041000300200016000710350018000870400026001050410008001310820029001391100040001682450098002082500012003062600070003183000028003885000069004165050148004856500050006332170BD-RjUL20211208233510.0160922s19591952p 00100 eng d c: PRs. 2.75 a(BD-RjUL)2197 aBD-RjULbengcBD-RjUL aeng a343.549052bPAI 1952223 aPakistan. Central Board of Revenue. aIncome tax manual : bCorrected up to 30th August,1952 /cPakistan. Central Board of Revenue. a1st ed. aKarachi:bManager of Publications,Govt. of Pakistan,c[1952,1959] a Pt. :bIll. ;c24 cm. a"At head of title: Govt. of Pakistan. Central Board of Revenue."0 aPart. 1-- Part 2, (of the Manual contains the statutory orders, exemptions and rules) -- Pt. 3, (Contains notes on the Income-tax Act, 1922) -- aIncome tax vLaw and legislation zPakistan.